00620nam a22001931 450000100060000000300080000600500170001400800390003103500190007004000270008904100080011608200200012424501250014426000370026930000370030650400410034365000200038470000220040434559BD-RjUL20211209052158.0140518s1968 maua b 000 0 eng a(BD-RjUL)34653 aDLCcDLCdBD-RjULbeng aeng00a305.5bCOM 196810aComparative perspectives on stratification: Mexico, Great Britain, Japan /cEdited, and with introd., by Joseph A. Kahl. aBoston :bLittle, Brown,cc1968. axvii, 235 p. :billus. ;c21 cm. aIncludes bibliographical references. 0aSocial classes.1 aKahl, Joseph Alan